ՀՀ Գիտությունների ազգային ակադեմիայի հիմնարար գիտական գրադարան  =   Fundamental Scientific Library of NAS RA

Зима : (Record no. 291996)

MARC details
000 -LEADER
fixed length control field 00711nam a2200205 u 4500
001 - CONTROL NUMBER
control field 000802820
003 - CONTROL NUMBER IDENTIFIER
control field AM-YeHGA
005 - DATE AND TIME OF LATEST TRANSACTION
control field 20250617144324.0
008 - FIXED-LENGTH DATA ELEMENTS--GENERAL INFORMATION
fixed length control field 110412s1984 ||| r 000 0 rus d
040 ## - CATALOGING SOURCE
Original cataloging agency AM-YeHGA
041 0# - LANGUAGE CODE
Language code of text/sound track or separate title rus
090 ## - LOCALLY ASSIGNED LC-TYPE CALL NUMBER (OCLC); LOCAL CALL NUMBER (RLIN)
-- 293678
100 1# - MAIN ENTRY--PERSONAL NAME
Personal name Елегечев, Иван Захарович
245 10 - TITLE STATEMENT
Title Зима :
Remainder of title Роман [О протопопе Аввакуме] /
Statement of responsibility, etc. Иван Елегечев.
260 ## - PUBLICATION, DISTRIBUTION, ETC.
Place of publication, distribution, etc. Воронеж :
Name of publisher, distributor, etc. Центр.-Чернозем. кн. изд-во,
Date of publication, distribution, etc. 1984.
300 ## - PHYSICAL DESCRIPTION
Extent 286 с. :
Other physical details ил.
600 04 - SUBJECT ADDED ENTRY--PERSONAL NAME
Personal name Аввакум, протопоп
653 0# - INDEX TERM--UNCONTROLLED
Uncontrolled term Старообрядчество (х. л.)
653 0# - INDEX TERM--UNCONTROLLED
Uncontrolled term Писатели русские (х. л.)
Holdings
Withdrawn status Lost status Damaged status Not for loan Collection Home library Current library Date acquired Total checkouts Full call number Barcode Date last seen Price effective from Koha item type Public note
        General Fundamental Scientific Library Fundamental Scientific Library 29/12/2016   PII/522634 FL0190306 29/12/2016 29/12/2016 Գրքեր / Books 30 Days Loan


ՀՀ ԳԱԱ հիմնարար գիտական գրադարան
ՀՀ,Երևան 0019
Մարշալ Բաղրամյան 24/6
հեռախոս:(374-10) 52-47-50
Հետադարձ կապ

All site content, except where otherwise noted, is licensed under a
Creative Commons License